| 000 -LEADER |
| fixed length control field |
02134cam a22004457a 4500 |
| 001 - CONTROL NUMBER |
| control field |
17733677 |
| 005 - DATE AND TIME OF LATEST TRANSACTION |
| control field |
20200618144828.0 |
| 008 - FIXED-LENGTH DATA ELEMENTS--GENERAL INFORMATION |
| fixed length control field |
130510s2012 caua b 001 0 eng d |
| 010 ## - LIBRARY OF CONGRESS CONTROL NUMBER |
| LC control number |
2012554233 |
| 015 ## - NATIONAL BIBLIOGRAPHY NUMBER |
| National bibliography number |
GBB262339 |
| Source |
bnb |
| 016 7# - NATIONAL BIBLIOGRAPHIC AGENCY CONTROL NUMBER |
| Record control number |
016111699 |
| Source |
Uk |
| 020 ## - INTERNATIONAL STANDARD BOOK NUMBER |
| International Standard Book Number |
9781430228745 (pbk.) |
| 020 ## - INTERNATIONAL STANDARD BOOK NUMBER |
| International Standard Book Number |
1430228741 (pbk.) |
| 020 ## - INTERNATIONAL STANDARD BOOK NUMBER |
| Canceled/invalid ISBN |
9781430228752 (electronic) |
| 035 ## - SYSTEM CONTROL NUMBER |
| System control number |
(OCoLC)ocn797979053 |
| 040 ## - CATALOGING SOURCE |
| Original cataloging agency |
UKMGB |
| Language of cataloging |
eng |
| Transcribing agency |
UKMGB |
| Modifying agency |
OCLCO |
| -- |
WIQ |
| -- |
CGP |
| -- |
EINCP |
| -- |
BTCTA |
| -- |
YDXCP |
| -- |
LKRBL |
| -- |
BDX |
| -- |
CXP |
| -- |
ORX |
| -- |
BWX |
| -- |
CNNAI |
| -- |
DEBBG |
| -- |
DLC |
| 041 ## - LANGUAGE CODE |
| Language code of text/sound track or separate title |
eng |
| 042 ## - AUTHENTICATION CODE |
| Authentication code |
lccopycat |
| 050 00 - LIBRARY OF CONGRESS CALL NUMBER |
| Classification number |
QA76.76.H94 |
| Item number |
B434 2012 |
| 080 ## - UNIVERSAL DECIMAL CLASSIFICATION NUMBER |
| Universal Decimal Classification number |
004.738.5 B-38 |
| 082 04 - DEWEY DECIMAL CLASSIFICATION NUMBER |
| Classification number |
006.76 |
| Edition number |
23 |
| 084 ## - OTHER CLASSIFICATION NUMBER |
| Classification number |
ST 252 |
| Number source |
rvk |
| 245 00 - TITLE STATEMENT |
| Title |
Beginning HTML5 and CSS3 : |
| Remainder of title |
the Web evolved : next generation Web standards / |
| Statement of responsibility, etc. |
Richard Clark ... [et al.]. |
| 260 ## - PUBLICATION, DISTRIBUTION, ETC. |
| Place of publication, distribution, etc. |
[Berkeley, Calif.] : |
| Name of publisher, distributor, etc. |
Apress ; |
| Place of publication, distribution, etc. |
New York : |
| Name of publisher, distributor, etc. |
Distributed to the book trade worldwide by Springer Science+Business Media, |
| Date of publication, distribution, etc. |
c2012. |
| 300 ## - PHYSICAL DESCRIPTION |
| Extent |
xx, 600 p. : |
| Other physical details |
ill. ; |
| Dimensions |
24 cm. |
| 490 1# - SERIES STATEMENT |
| Series statement |
The expert's voice in web development |
| 500 ## - GENERAL NOTE |
| General note |
Cover title. |
| 504 ## - BIBLIOGRAPHY, ETC. NOTE |
| Bibliography, etc. note |
Includes bibliographical references and index. |
| 505 0# - FORMATTED CONTENTS NOTE |
| Formatted contents note |
HTML5 : now, not 2022 -- Your first plunge into HTML5 -- New structural elements -- A richer approach to marking up content -- Rich media -- Paving the way for web applications -- CSS3, here and now -- Keeping your markup slim using CSS3 selectors -- A layout for every occasion -- Improving web typography -- Putting CSS3 properties at work -- Transforms, transitions, and animation -- The future of CSS or, awesome stuff that's to come. |
| 650 #0 - SUBJECT ADDED ENTRY--TOPICAL TERM |
| Topical term or geographic name entry element |
HTML (Document markup language) |
| 9 (RLIN) |
8570 |
| 650 #0 - SUBJECT ADDED ENTRY--TOPICAL TERM |
| Topical term or geographic name entry element |
Web site development. |
| 9 (RLIN) |
8571 |
| 650 07 - SUBJECT ADDED ENTRY--TOPICAL TERM |
| Topical term or geographic name entry element |
Cascading Style Sheets 3.0. |
| Source of heading or term |
gnd |
| 9 (RLIN) |
8572 |
| 650 07 - SUBJECT ADDED ENTRY--TOPICAL TERM |
| Topical term or geographic name entry element |
HTML 5.0. |
| Source of heading or term |
gnd |
| 9 (RLIN) |
8573 |
| 653 ## - INDEX TERM--UNCONTROLLED |
| keyword |
კომპიუტერული ტექნოლოგიები |
| 700 1# - ADDED ENTRY--PERSONAL NAME |
| Personal name |
Clark, Richard, |
| Dates associated with a name |
1982- |
| 9 (RLIN) |
8574 |
| 830 #0 - SERIES ADDED ENTRY--UNIFORM TITLE |
| Uniform title |
Expert's voice in Web development. |
| 9 (RLIN) |
8575 |
| 906 ## - LOCAL DATA ELEMENT F, LDF (RLIN) |
| a |
7 |
| b |
cbc |
| c |
copycat |
| d |
2 |
| e |
ncip |
| f |
20 |
| g |
y-gencatlg |
| 942 ## - ADDED ENTRY ELEMENTS (KOHA) |
| Source of classification or shelving scheme |
|
| Koha item type |
წიგნი |